[Event "Alava-ch Absoluto"]
[Site "Alava"]
[Date "2001.??.??"]
[Round "?"]
[White "Feal, Inaki"]
[Black "Arce, Raquel"]
[Result "0-1"]
[WhiteElo "1715"]
[BlackElo "1855"]
[PlyCount "46"]
[EventDate "2001.10.06"]
[EventType "swiss"]
[EventRounds "7"]
[EventCountry "ESP"]
[SourceTitle "CBM 085 Extra"]
[Source "ChessBase"]
[SourceDate "2002.01.21"]
[SourceVersion "1"]
[SourceVersionDate "2002.01.21"]
[SourceQuality "1"]

1. e4 c5 2. d4 cxd4 3. Nf3 Nc6 4. Nxd4 Nf6 5. Nc3 e6 6. Bf4 Bb4 7. Nxc6 bxc6 8. Bd2 Qc7 9. Bd3 0-0 10. 0-0 d5 11. a3 Bd6 12. g3 e5 13. Bg5 d4 14. Bxf6 dxc3 15. Qh5 gxf6 16. Qh6 cxb2 17. Rab1 Rb8 18. f4 Be7 19. f5 Qb6+ 20. Kg2 Ba6 21. Rf3 Bxd3 22. Rxd3 Rfd8 23. Rb3 Qd4 0-1